000 00785nam a22002057a 4500
999 _c21236
_d21236
003 AR-CdUCM
008 190320b ||||| |||| 00| 0 spa d
040 _aMUNICIPALIDAD PROVINCIAL DEL CUSCO
_cBIBLIOTECA MUNICIPAL DEL CUSCO
082 _a631.4 / A64
_bA64
100 _aAragón Alencastre, Luz Jacqueline
_944360
245 _aManual de prácticas de laboratorio de suelos /
260 _aCusco :
_bSan Sebastián,
_c2017.
300 _a75 páginas ;
_c20 cm.
505 _aContenido:Preparación de la muestra de suelo -- Determinación de textura método del hidrómetro -- Textura del suelo -- Método de sedimentación rápida ...
650 _aSuelos
_919092
650 _aTextura de suelos
_944361
650 _aCusco Perú
_944362
942 _2ddc
_cLIBROS
945 _aRoel